Sketchs et humoristes célèbres - Statistiques

Statistiques générales
  • Ce quiz a été pris 385 fois
  • Le résultat moyen est 16 sur 50
Statistiques - réponses
Sketchs célèbres Humoristes % Correct
Télémagouilles Les Inconnus
82%
J'aime pas les garçons Florence Foresti
77%
C'est l'histoire d'un mec Coluche
76%
Les petites annonces d'Elie Elie Semoun
76%
Where is Brian ? Gad Elmaleh
74%
L'addition Muriel Robin
72%
Le train pour Pau Chevalier et Laspales
68%
Le scrabble Pierre Palmade
65%
Madame Sarfati Elie Kakou
62%
La chauve-souris Jean-Marie Bigard
61%
La poste Dany Boon
50%
J' vous ai pas raconté ? Franck Dubosc
47%
Hallelujah Bordel ! Jeremy Ferrari
47%
Les employés municipaux Les chevaliers du fiel
46%
La drague Guy Bedos & Sauphie Daumier
44%
L'école du fan Les Nuls & Valérie Lemercier
41%
Caen Raymond Devos
41%
L'avocat de la salade, la frite et la saucisse Arnaud Tsamère
38%
Bernadette, calme toi ! Anne Roumanoff
34%
On me dit que des Juifs se sont glissés dans la salle ? Pierre Desproges
34%
L'eau ferrugineuse Bourvil
31%
La cabane au fond du jardin Laurent Gerra
31%
L'africain Michel Leeb
31%
L'emmerdant, c'est la rose Thierry Le Luron
31%
Le licenciement Omar & Fred
30%
Allô ! Tonton ? Pourquoi tu tousses ? Fernand Raynaud
28%
Le Mage Rabindranath Duval Francis Blanche & Pierre Dac
26%
Un handicapé est allé voir 'Intouchables' Florent Peyre
22%
Je parle toute seule Blanche Gardin
21%
Le permis de conduire Jean Yanne
21%
Les organes Roland Magdane
21%
Langage pour chien Roger Pierre & Jean-Marc Thibault
20%
Seul face aux femmes ! Olivier De Benoist
18%
Rambo Albert Dupontel
17%
Les vacances Patrick Timsit
17%
Chanson pour Moralès Didier Bénureau
16%
L'après-dîner Sylvie Joly
15%
Les pates à la Boudoni Alex Métayer
14%
T'es embêté mon fils Michel Boujenah
14%
T'en veux ? Smaïn
14%
Lettre du Cameroun Thomas Ngijol
13%
JT arabe, cuisine turque & météo italienne Ary Abittan
10%
Le digicode Marc Jolivet
9%
La chasse aux canards Robert Lamoureux
9%
L'école des fanés Patrick Sébastien
8%
La leçon de français Popeck
8%
L'école Malik Bentalha
6%
La cigale et la fourmi Pierre Péchin
6%
L'autoroute Sellig
5%
La recette des crêpes Pierre Repp
3%
Aucun quiz correspondant
Distribution des résultats
% des personnes avec chaque résultat
Percentile par nombre de réponses
Votre historique - résultats
Vous n’avez pas pris ce quiz